000 01517cam a2200349 a 4500
001 EDZ0000084936
003 StDuBDS
005 20161031105110.0
006 m||||||||d||||||||
007 cr |||||||||||
008 120516s2003 enk fo| 001|0|eng d
020 _a9781446215104 (ebook) :
_cNo price
040 _aStDuBDS
_beng
_cStDuBDS
_epn
049 _aAlfaisal Main Library
050 0 _aJK271
_b.S56 2003
082 0 4 _a320.973
_223
100 1 _aSingh, Robert.
245 1 0 _aContemporary American politics and society
_h[electronic resource] :
_bissues and controversies /
_cRobert Singh.
260 _aLondon :
_bSAGE,
_cc2003.
300 _a1 online resource (xvii, 278 p.)
520 8 _aProviding a comprehensive introduction to the most controversial topics of debate in contemporary American politics and society today, this book introduces and explains the history, nature policies and politics of the key areas of conflict in America's on-going 'culture war'.
521 _aSpecialized.
588 _aDescription based on print version record.
504 _aIncludes bibliographical references and index.
651 0 _aUnited States
_xPolitics and government.
651 0 _aUnited States
_xPolitics and government
_y2001-2009.
655 7 _aElectronic books.
_2local
710 2 _aSage eBooks
776 0 8 _iPrint version :
_z9780761940968
856 4 0 _uhttp://ezproxy.alfaisal.edu/login?url=http://sk.sagepub.com/books/contemporary-american-politics-and-society
942 _2lcc
_cEBOOKS
999 _c479294
_d479294